000 00574cam a2200145 4500500
005 20260208002353.0
041 _afre
042 _adc
100 1 0 _aMeyran, Régis
_eauthor
245 0 0 _aMichel Wieviorka, La Tentation antisémite: haine des juifs dans la France d’aujourd’hui, Paris, Robert Laffont, 2005, 452 p., notes bibliogr., index, gloss.
260 _c2005.
500 _a16
786 0 _nL'Homme | 175-176 | 3 | 2005-07-01 | p. 475za-572za | 0439-4216
856 4 1 _uhttps://shs.cairn.info/revue-l-homme-2005-3-page-475za?lang=fr&redirect-ssocas=7080
999 _c1645997
_d1645997